000 00489nam a2200181Ia 4500
008 151018s9999 xx 000 0 und d
082 _bRBASDV12651
_a891.463
100 _aमुक्ता केणेकर
245 _aवचन
250 _b1
260 _bदिलीप
_c1979
300 _a364
600 _aमुक्ता केणेकर
630 _aवचन
700 _aमुक्ता केणेकर
730 _aवचन
942 _cBOOK
999 _c1014895
_d1014892